书目信息 |
| 题名: |
雷达测量与应用
|
|
| 作者: | 杨英科 编著 | |
| 分册: | ||
| 出版信息: | 北京 国防工业出版社 2011.04 |
|
| 页数: | 294页 | |
| 开本: | 21cm | |
| 丛书名: | ||
| 单 册: | ||
| 中图分类: | P225.1 | |
| 科图分类: | ||
| 主题词: | 雷达--lei da--测量系统 | |
| 电子资源: | ||
| ISBN: | 978-7-118-07417-8 | |
| 000 | 00749nam0 2200229 450 | |
| 001 | 1139233192 | |
| 005 | 20111110143537.17 | |
| 010 | @a978-7-118-07417-8@dCNY30.00@z7-118-07417-9 | |
| 100 | @a20110701d2011 em y0chiy50 ea | |
| 101 | 0 | @achi |
| 102 | @aCN@b110000 | |
| 105 | @aak a 000yy | |
| 200 | 1 | @a雷达测量与应用@Alei da ce liang yu ying yong@f杨英科 ... [等] 编著 |
| 210 | @a北京@c国防工业出版社@d2011.04 | |
| 215 | @a294页@c图@d21cm | |
| 320 | @a有书目 | |
| 330 | @a本书主要内容包括: 绪论 ; 雷达电波传播 ; 检测统计基础 ; 测量技术 ; 信号处理技术 ; 数据处理技术 ; 抗反辐射攻击技术。 | |
| 606 | 0 | @a雷达@Alei da@x测量系统 |
| 690 | @aP225.1@v4 | |
| 701 | 0 | @a杨英科@Ayang ying ke@4编著 |
| 801 | 0 | @aCN@c20110701 |
| 905 | @dP225.1@eY313 | |
| 雷达测量与应用/杨英科 ... [等] 编著.-北京:国防工业出版社,2011.04 |
| 294页:图;21cm |
| ISBN 978-7-118-07417-8:CNY30.00 |
| 本书主要内容包括: 绪论 ; 雷达电波传播 ; 检测统计基础 ; 测量技术 ; 信号处理技术 ; 数据处理技术 ; 抗反辐射攻击技术。 |
| ● |
| 相关链接 |
|
|
|
正题名:雷达测量与应用
索取号:P225.1/Y313
 
预约/预借
| 序号 | 登录号 | 条形码 | 馆藏地/架位号 | 状态 | 备注 |
| 1 | 1220660 | 212206600 | 自科库401/401自科库 121排1列2层/ [索取号:P225.1/Y313] | 在馆 | |
| 2 | 1220661 | 212206619 | 自科库401/401自科库 121排1列2层/ [索取号:P225.1/Y313] | 在馆 | |
| 3 | 1220662 | 212206628 | 自科库401/401自科库 121排1列2层/ [索取号:P225.1/Y313] | 在馆 |